00964cam a2200289 a 4500001000500000005001700005020001800022020001500040040002800055050002500083082001200108100001900120245006900139250001200208260004100220300005700261505000600318520015400324521001800478521001800496650002600514650003200540650002300572650001900595650001900614700004100633122020250828155616.0 a9780545035309 a0545035309 aDLCcDLCdDLCdDLCbeng00aPZ7.L87734bHot 201000a[E]2221 aLord, Cynthia.10aHot Rod Hamster /cby Cynthia Lord ; pictures by Derek Anderson. a1st ed. aNew York :bScholastic Press,c2010. a19 unnumbered pages :bcolor illustrations ;c27 cm. aH aA hamster, with the help of a canine junkyard dealer and his mouse assistants, builts a hot rod and drives it in a race against some very large dogs. a500 bLexile aH bRaz-Plus 1aAutomobilesvFiction. 1aAutomobile racingvFiction. 1aHamstersvFiction. 1aDogsvFiction. 1aMicevFiction.1 aAnderson, Derek,d1969-eillustrator